Batalla de población - Muerte súbita - Estadísticas

Estadísticas generales
  • Esta prueba ha sido intentada 4.501 veces
  • La puntuación promedio es 4 de 10
Answers on the Grid
Answers color-coded by a green-red scale on the quiz's grid according to % correct below.
Canadá
Estados Unidos
México
Indonesia
Tailandia
Vietnam
Colombia
Etiopía
Malasia
España
Polonia
Turquía
Argelia
Grecia
Taiwán
Argentina
Camboya
Suecia
Arabia Saudita
Corea del Sur
Haití
Austria
Chipre
Jamaica
Albania
Bahamas
Nueva Zelanda
Granada
Islandia
Timor Oriental
 
Estadísticas de respuestas
Respuesta % Correcto
351 M Estados Unidos
97%
286 M Indonesia
74%
135 M Etiopía
53%
88 M Turquía
53%
47 M Argelia
36%
46 M Argentina
35%
51.6 M Corea del Sur
26%
9.1 M Austria
24%
5.3 M Nueva Zelanda
17%
1.42 M Timor Oriental
12%
No se encontraron pruebas coincidentes
Distribución de puntuación
Porcentaje de gente con cada puntuación
Porcentaje por número respondido
Historial de tus puntuaciones
No has intentado esta prueba.